Central Library OPAC University of Rajshahi

Developing, administering, and evaluating adult education / (Record no. 60768)

MARC details
000 -LEADER
fixed length control field 00898nam a2200265 a 4500
001 - CONTROL NUMBER
control field 60768
003 - CONTROL NUMBER IDENTIFIER
rucl marc code BD-RjUL
005 - DATE AND TIME OF LATEST TRANSACTION
control field 20211209080900.0
008 - FIXED-LENGTH DATA ELEMENTS--GENERAL INFORMATION
fixed length control field 170102s1980 cau b 001 0 eng d
020 ## - INTERNATIONAL STANDARD BOOK NUMBER
International Standard Book Number 0875894674
035 ## - SYSTEM CONTROL NUMBER
System control number (BD-RjUL)60892
040 ## - CATALOGING SOURCE
Original cataloging agency BD-RjUL
Transcribing agency BD-RjUL
Modifying agency BD-RjUL
Language of cataloging eng
041 ## - LANGUAGE CODE
Language code of text/sound track or separate title eng
082 00 - DEWEY DECIMAL CLASSIFICATION NUMBER
Edition number 23
Classification number 374
Author mark and year KND 1980
100 1# - MAIN ENTRY--PERSONAL NAME
Personal name Knox, Alan Boyd,
Dates associated with a name 1931-
9 (RLIN) 179653
245 10 - TITLE STATEMENT
Title Developing, administering, and evaluating adult education /
Statement of responsibility, etc. Alan B. Knox and associates.
250 ## - EDITION STATEMENT
Edition statement 1st ed.
260 ## - PUBLICATION, DISTRIBUTION, ETC. (IMPRINT)
Place of publication, distribution, etc. San Francisco :
Name of publisher, distributor, etc. Jossey-Bass,
Date of publication, distribution, etc. c1980.
300 ## - PHYSICAL DESCRIPTION
Pagination xvii, 299 p. ;
Size 24 cm.
490 1# - SERIES STATEMENT
Series statement Adult Education Association handbook series in adult education
504 ## - BIBLIOGRAPHY, ETC. NOTE
Bibliography, etc Bibliography: p. 263-289. and Includes index.
650 #0 - SUBJECT ADDED ENTRY--TOPICAL TERM
Topical term or geographic name as entry element Adult education.
9 (RLIN) 180319
830 ## - SERIES ADDED ENTRY--UNIFORM TITLE
Uniform title Adult Education Association handbook series in adult education
942 ## - ADDED ENTRY ELEMENTS (KOHA)
Source of classification or shelving scheme Dewey Decimal Classification
Koha item type Books
Holdings
Lost status Source of classification or shelving scheme Damaged status Not for loan Collection code Permanent Location Current Location Shelving location Date acquired Source of acquisition Total Checkouts Full call number Date last seen Copy number Koha item type
  Dewey Decimal Classification   Not For Loan Non-fiction Central Library, University of Rajshahi Central Library, University of Rajshahi Reading Room 16/05/1991 Canada   374 KND 1980 02/01/2017 C-1 Books